| 000 | 00513cam a2200193ua 4500 | ||
|---|---|---|---|
| 020 |
_a81-7296-012-3 _c700.00 |
||
| 041 |
_aeng _h |
||
| 082 |
_a665.776 _bPAU/RE |
||
| 100 | _aPaul, P J . | ||
| 245 |
_aRecent advances in biomass gasification and combustion / _cP J Paul. _hTextual Documents |
||
| 250 |
_a1 / _b. |
||
| 260 |
_aBangalore : _bInterline Publishers , _c1993. |
||
| 300 | _a335 ; . | ||
| 365 | _a700.00 | ||
| 504 | _a | ||
| 700 | 1 | _aMukunda, H S . | |
| 942 | _cBK | ||
| 999 |
_c7473 _d7473 |
||